The men of the gospels. (Record no. 5112)

000 -LEADER
fixed length control field 00546nam a2200181 a 4500
001 - CONTROL NUMBER
control field :::00002853$&:&@@
003 - CONTROL NUMBER IDENTIFIER
control field OkBaRHE
005 - DATE AND TIME OF LATEST TRANSACTION
control field 20000607103257.0
008 - FIXED-LENGTH DATA ELEMENTS--GENERAL INFORMATION
fixed length control field s1913 j 000 0 eng u
040 ## - CATALOGING SOURCE
Transcribing agency
100 1# - MAIN ENTRY--PERSONAL NAME
Personal name Hough, Lynn Harold, 1877-
245 14 - TITLE STATEMENT
Title The men of the gospels.
260 ## - PUBLICATION, DISTRIBUTION, ETC. (IMPRINT)
Place of publication, distribution, etc New York, NY., :
Name of publisher, distributor, etc Eaton & Mains
Date of publication, distribution, etc c1913
300 ## - PHYSICAL DESCRIPTION
Extent 98 p. ;
Dimensions 18 cm.
650 ## - SUBJECT ADDED ENTRY--TOPICAL TERM
Topical term or geographic name as entry element Bible New Testament
General subdivision Biography
942 ## - ADDED ENTRY ELEMENTS (KOHA)
Source of classification or shelving scheme
Koha item type Books
Copies
Price effective from Full call number Permanent Location Lost status Copy number Barcode Date last seen Source of classification or shelving scheme Damaged status Date acquired Koha item type Not for loan Withdrawn status Shelving location
2010-04-14BS 2440 .H68RHEMA Bible Training College 128532018-03-16  2010-04-14Books  General Stacks